000 00503nam a2200205Ia 4500
005 20250123060549.0
008 240331s9999 xx 000 0 und d
020 _a0393309630
082 _bSTA
_21708
_a304.2
245 0 _aState of the World 1993
260 _aNew York
_aLondon
_bW. W. Norton & Company Inc.
_c1993
300 _axix, 268 p.,
650 _aEnvironment
650 _aGender
650 _aEquality
650 _aCulture
650 _aEarth
700 _aStarke, L
_eedt
942 _cL
999 _c1465
_d1465